US States by Order of Statehood - Statistics

General Stats
  • This quiz has been taken 1,065 times
    1,041 since last reset
  • The average score is 27 of 50
Answer Stats
Answer % Correct
Delaware
97%
Pennsylvania
85%
New Jersey
81%
Georgia
75%
Massachusetts
74%
Connecticut
73%
Hawaii
73%
Alaska
72%
Maryland
72%
Virginia
71%
New York
70%
South Carolina
69%
New Hampshire
68%
North Carolina
67%
Rhode Island
66%
Ohio
63%
Vermont
63%
Kentucky
60%
Arizona
58%
Tennessee
58%
New Mexico
56%
Indiana
53%
Maine
53%
Illinois
50%
Louisiana
50%
Alabama
48%
Oklahoma
48%
Mississippi
47%
Florida
46%
California
44%
Michigan
44%
Texas
44%
Utah
44%
Missouri
43%
Arkansas
42%
Idaho
41%
Oregon
41%
Iowa
40%
Minnesota
40%
Montana
39%
Nevada
39%
North Dakota
39%
South Dakota
39%
Washington
39%
Wisconsin
39%
Wyoming
39%
West Virginia
38%
Kansas
37%
Colorado
36%
Nebraska
35%
No matching quizzes found
Score Distribution
Percent of People with Each Score
Percentile by Number Answered
Your Score History
You have not taken this quiz since the last reset